« Les archanges », « Eux aussi sont des enfants ». Séjour au centre Vidjingni Bénin, 4-18 novembre 2010 (notice n° 1758391)

détails MARC
000 -LEADER
fixed length control field 01509cam a2200265 4500500
005 - DATE AND TIME OF LATEST TRANSACTION
control field 20260322010654.0
041 ## - LANGUAGE CODE
Language code of text/sound track or separate title fre
042 ## - AUTHENTICATION CODE
Authentication code dc
100 10 - MAIN ENTRY--PERSONAL NAME
Personal name Badoc, Geneviève
Relator term author
245 00 - TITLE STATEMENT
Title « Les archanges », « Eux aussi sont des enfants ». Séjour au centre Vidjingni Bénin, 4-18 novembre 2010
260 ## - PUBLICATION, DISTRIBUTION, ETC.
Date of publication, distribution, etc. 2011.<br/>
500 ## - GENERAL NOTE
General note 85
520 ## - SUMMARY, ETC.
Summary, etc. Deux psychologues d’Avignon ont effectué un stage au Bénin dans un lieu de vie et de soins pour enfants psychotiques et autistes abandonnés par leur famille et accueillis là par des religieuses. L’auteur décrit le fonctionnement institutionnel de ce centre et la participation des deux professionnelles intervenant dans le cadre de l’association France Bénin Vaucluse.
520 ## - SUMMARY, ETC.
Summary, etc. Two psychologists of Avignon completed an internship in Benin in children center for psychotic children and autistic abandoned by their families and greeted by nuns. The author describes the institutional functioning of the center and the participation of the two professtonal of the association France Benin Vaucluse.
690 ## - LOCAL SUBJECT ADDED ENTRY--TOPICAL TERM (OCLC, RLIN)
Topical term or geographic name as entry element autisme
690 ## - LOCAL SUBJECT ADDED ENTRY--TOPICAL TERM (OCLC, RLIN)
Topical term or geographic name as entry element Bénin
690 ## - LOCAL SUBJECT ADDED ENTRY--TOPICAL TERM (OCLC, RLIN)
Topical term or geographic name as entry element psychose infantile
690 ## - LOCAL SUBJECT ADDED ENTRY--TOPICAL TERM (OCLC, RLIN)
Topical term or geographic name as entry element psychothérapie institutionnelle
690 ## - LOCAL SUBJECT ADDED ENTRY--TOPICAL TERM (OCLC, RLIN)
Topical term or geographic name as entry element autism
690 ## - LOCAL SUBJECT ADDED ENTRY--TOPICAL TERM (OCLC, RLIN)
Topical term or geographic name as entry element Benin
690 ## - LOCAL SUBJECT ADDED ENTRY--TOPICAL TERM (OCLC, RLIN)
Topical term or geographic name as entry element infantile psychosis
690 ## - LOCAL SUBJECT ADDED ENTRY--TOPICAL TERM (OCLC, RLIN)
Topical term or geographic name as entry element institutional al psychotherapy
786 0# - DATA SOURCE ENTRY
Note Psy Cause | 59 | 1 | 2011-01-11 | p. 30-34 | 1245-2394
856 41 - ELECTRONIC LOCATION AND ACCESS
Uniform Resource Identifier <a href="https://shs.cairn.info/revue-psy-cause-2011-1-page-30?lang=fr&redirect-ssocas=7080">https://shs.cairn.info/revue-psy-cause-2011-1-page-30?lang=fr&redirect-ssocas=7080</a>

Pas d'exemplaire disponible.

PLUDOC

PLUDOC est la plateforme unique et centralisée de gestion des bibliothèques physiques et numériques de Guinée administré par le CEDUST. Elle est la plus grande base de données de ressources documentaires pour les Étudiants, Enseignants chercheurs et Chercheurs de Guinée.

Adresse

627 919 101/664 919 101

25 boulevard du commerce
Kaloum, Conakry, Guinée

Réseaux sociaux

Powered by Netsen Group @ 2025